000 00479nam a2200157 i 4500
001 104205
003 ES-MaACL
005 20230906183536.0
007 t|
008 051125s1901 sp ||||1| spa d
100 1 _aMiguel y Romón, Antonio.
_981041
245 1 4 _aLos rayos X y sus aplicaciones a las ciencias médicas
_b: Tesis doctoral /
_cAntonio Miguel y Romón.
260 _aValladolid :
_b[s.n.],
_c1901.
502 _aTesis Doctoral.
852 _aES-MaACL
_jT-1048-F-12
999 _c104205
_d104205